برنامج قائم على مدخل الطُّرَف الأدبية لتنمية الوعي الثقافي لدى متعلمي اللغة العربية الناطقين بغيرها في المستوى المتقدم / (رقم التسجيلة. 179758)
[ عرض عادي ]
| 000 -LEADER | |
|---|---|
| fixed length control field | 04770namaa22004331i 4500 |
| 003 - CONTROL NUMBER IDENTIFIER | |
| control field | OSt |
| 005 - أخر تعامل مع التسجيلة | |
| control field | 20260506124720.0 |
| 008 - FIXED-LENGTH DATA ELEMENTS--GENERAL INFORMATION | |
| fixed length control field | 250827s2024 ua a|||frm||| 000 0 eng d |
| 040 ## - CATALOGING SOURCE | |
| Original cataloguing agency | EG-GICUC |
| Language of cataloging | ara |
| Transcribing agency | EG-GICUC |
| Modifying agency | EG-GICUC |
| Description conventions | rda |
| 041 0# - LANGUAGE CODE | |
| Language code of text/sound track or separate title | ara |
| Language code of summary or abstract | ara |
| -- | eng |
| 049 ## - Acquisition Source | |
| Acquisition Source | إيداع |
| 082 04 - DEWEY DECIMAL CLASSIFICATION NUMBER | |
| Classification number | 418.24 |
| 092 ## - LOCALLY ASSIGNED DEWEY CALL NUMBER (OCLC) | |
| Classification number | 418.24 |
| Edition number | 21 |
| 097 ## - Degree | |
| Degree | مــــاجستير |
| 099 ## - LOCAL FREE-TEXT CALL NUMBER (OCLC) | |
| Local Call Number | Cai01.23.01.M.Sc.2024.إس.ب |
| 100 0# - MAIN ENTRY--PERSONAL NAME | |
| Authority record control number or standard number | ،إسـراء حمـدي حامـد درويش |
| Preparation | إعداد. |
| 245 10 - TITLE STATEMENT | |
| Title | برنامج قائم على مدخل الطُّرَف الأدبية لتنمية الوعي الثقافي لدى متعلمي اللغة العربية الناطقين بغيرها في المستوى المتقدم / |
| Statement of responsibility, etc. | إعداد إسـراء حمـدي حامـد درويش؛ إشراف أ.د/إيمان أحمد محمد هريدي، د. أحمد محمد عيسى حسن. |
| 246 15 - VARYING FORM OF TITLE | |
| Title proper/short title | Program based on literature humor for developing cultural awareness for non native speakers in advanced level / |
| 264 #0 - PRODUCTION, PUBLICATION, DISTRIBUTION, MANUFACTURE, AND COPYRIGHT NOTICE | |
| Date of production, publication, distribution, manufacture, or copyright notice | 2024. |
| 300 ## - PHYSICAL DESCRIPTION | |
| Extent | 277 صفحة : |
| Other physical details | إيضاحيات ؛ |
| Dimensions | 25 سم. + |
| Accompanying material | CD. |
| 336 ## - CONTENT TYPE | |
| Content type term | text |
| Source | rda content |
| 337 ## - MEDIA TYPE | |
| Media type term | Unmediated |
| Source | rdamedia |
| 338 ## - CARRIER TYPE | |
| Carrier type term | volume |
| Source | rdacarrier |
| 502 ## - DISSERTATION NOTE | |
| Dissertation note | أطروحة (ماجستير)-جامعة القاهرة، 2024. |
| 504 ## - BIBLIOGRAPHY, ETC. NOTE | |
| Bibliography, etc. note | ببليوجرافيا: صفحات 134-145. |
| 520 ## - SUMMARY, ETC. | |
| Summary, etc. | هدف البحث إلى تنمية الوعي الثقافي لدى متعلمي اللغة العربية الناطقين بغيرها في المستوى المتقدم، وذلك عن طريق إعداد برنامج قائم على مدخل الطرف الأدبية؛ ونظرا لطبيعة البحث فقد استعانت الباحثة بالمنهج التجريبي، والتصميم شبه التجريبي ذو المجموعة البحثية الواحدة، ولتحقيق هدف البحث تم إعداد قائمة بأبعاد الوعي الثقافي لمتعلمي اللغة العربية الناطقين بغيرها في المستوى المتقدم، و مقياس وعي ثقافي لمتعلمي اللغة العربية الناطقين بغيرها في المستوى المتقدم، وتم تطبيق برنامج البحث على مجموعة من متعلمي اللغة العربية الناطقين بغيرها في المستوى المتقدم، وبلغ عددهم 30 طالبا، و أسفر البحث عن فاعلية البرنامج القائم على مدخل الطرف الأدبية لتنمية الوعي الثقافي لدى متعلمي اللغة العربية الناطقين بغيرها في المستوى المتقدم، وأوصى البحث بتضمين أبعاد الوعي بالثقافة العربية والإسلامية في برامج تعليم اللغة العربية للناطقين بغيرها. |
| 520 ## - SUMMARY, ETC. | |
| Summary, etc. | The aim of the research is to develop cultural awareness for non-native speakers in advanced-level by designing a program based on the Literature Humor approach. Given the nature of the research, the researcher employed the experimental method, specifically a quasi-experimental design with a single research group. To achieve the research objective, a list of cultural awareness dimensions for non-native speakers in advanced-level was developed, along with a cultural awareness scale for these learners. The research program was applied to a group of 30 non-native speakers in advanced-level. The results showed the effectiveness of the program based on the Literature Humor approach in enhancing cultural awareness among these learners. The research recommended incorporating the dimensions of awareness of Arab and Islamic culture into Arabic language programs for non-native speakers. |
| 530 ## - ADDITIONAL PHYSICAL FORM AVAILABLE NOTE | |
| Issues CD | صدر أيضًا كقرص مدمج. |
| 546 ## - LANGUAGE NOTE | |
| Text Language | النص بالعربية والملخص باللغة الإنجليزية والعربية. |
| 650 #7 - SUBJECT ADDED ENTRY--TOPICAL TERM | |
| Topical term or geographic name entry element | اللغة العربية |
| Source of heading or term | qrmak |
| General subdivision | تعليم للاجانب |
| 650 #7 - SUBJECT ADDED ENTRY--TOPICAL TERM | |
| Topical term or geographic name entry element | اللغة العربية |
| General subdivision | طرق التدريس |
| 653 #0 - INDEX TERM--UNCONTROLLED | |
| Uncontrolled term | مدخل الطرف الأدبية |
| -- | الوعي الثقافي |
| -- | متعلمي اللغة العربية الناطقين بغيرها |
| 700 0# - ADDED ENTRY--PERSONAL NAME | |
| Personal name | إيمان أحمد محمد هريدي |
| Relator term | مشرف أطروحة. |
| 700 0# - ADDED ENTRY--PERSONAL NAME | |
| Personal name | أحمد محمد عيسى حسن |
| Relator term | مشرف أطروحة. |
| 900 ## - Thesis Information | |
| Grant date | 11-06-2024 |
| Supervisory body | إيمان أحمد محمد هريدي |
| -- | أحمد محمد عيسى حسن |
| Discussion body | حسن سيد شحاتة |
| -- | سامية سامي محمد خليف |
| Universities | جامعة القاهرة |
| Faculties | كلية الدراسات العليا للتربية |
| Department | قسم المناهج وطرق التدريس |
| 905 ## - Cataloger and Reviser Names | |
| Cataloger Name | Sara Salah |
| Reviser Names | Afaf |
| 942 ## - ADDED ENTRY ELEMENTS (KOHA) | |
| Source of classification or shelving scheme | Dewey Decimal Classification |
| Koha item type | Thesis |
| Edition | 21 |
| Suppress in OPAC | No |
| Source of classification or shelving scheme | Home library | Current library | Date acquired | Inventory number | Full call number | Barcode | Date last seen | Effective from | Koha item type |
|---|---|---|---|---|---|---|---|---|---|
| Dewey Decimal Classification | المكتبة المركزبة الجديدة - جامعة القاهرة | قاعة الرسائل الجامعية - الدور الاول | 27.04.2026 | 33146 | Cai01.23.01.M.Sc.2024.إس.ب | 01010100033146000 | 27.04.2026 | 27.04.2026 | Thesis |